000 00808nam a2200265 i 4500
003 DO-SdBNP
005 20230523140549.0
006 a||||gr|||| 00| 0
007 ta
008 230523e2018 dr a|||gr|||| 001 pdspa d
020 _a9789945091212
040 _aDO-SdBNP
_bspa
_cBNPHU
_erda
082 4 _222
_bT845g
100 1 _979346
_aTroisemme, Claudio
_d1988
245 1 0 _aGraffiti. /
_cClaudio Troisemme
264 1 _a[Santo Domingo] :
_bMoñohecho,
_c2018
300 _a117, [5], páginas :
_bIlustraciones ;
_c20 cm.
336 _2rdaconten
_atexto
_btxt
337 _2rdamedia
_asin medición
_bn
338 _2rdacarrier
_avolumen
_bnc
490 _aMoñohecho ;
_v02
500 _aIncluye datos biográficos del autor en la solapa de la cubierta.
590 _aInventariado 2023
942 _2ddc
_cLBS1
999 _c53595
_d53595